| 000 | 00416nam a22001817a 4500 | ||
|---|---|---|---|
| 003 | OSt | ||
| 005 | 20211229133305.0 | ||
| 008 | 211229b |||||||| |||| 00| 0 eng d | ||
| 020 | _a8176561061 | ||
| 040 | _cHU | ||
| 082 | _a005.133 | ||
| 100 |
_aKanetkar Yashavant _926060 |
||
| 245 | _aOOP Constructors Let Us C++ | ||
| 250 | _a2ED | ||
| 260 |
_aNew Delhi _bNew Delhi |
||
| 300 | _f633 | ||
| 942 |
_2ddc _cBOOKS _n0 |
||
| 999 |
_c24985 _d24985 |
||